101 mẫu sơ yếu lý lịch thực tế & hiệu quả nhất = 101 best practical & effective CV- Resumes- Cover leter, smart tips for jobs at all levels

Gespeichert in:
Bibliographische Detailangaben
1. Verfasser: Nguyễn, Văn Phước
Format: Buch
Sprache:Undetermined
Veröffentlicht: Tp. Hồ Chí Minh Trẻ 2003
Schlagworte:
Tags: Tag hinzufügen
Keine Tags, Fügen Sie den ersten Tag hinzu!
Thư viện lưu trữ: Trung tâm Học liệu Trường Đại học Cần Thơ
LEADER 00713nam a2200205Ia 4500
001 CTU_92981
008 210402s9999 xx 000 0 und d
020 |c 37000 
082 |a 650.14 
082 |b Ph557 
100 |a Nguyễn, Văn Phước 
245 0 |a 101 mẫu sơ yếu lý lịch thực tế & hiệu quả nhất = 
245 0 |b 101 best practical & effective CV- Resumes- Cover leter, smart tips for jobs at all levels 
245 0 |c Nguyễn Văn Phước 
260 |a Tp. Hồ Chí Minh 
260 |b Trẻ 
260 |c 2003 
650 |a Executives,Résumés ( employment ) 
904 |i Mai Loan, QHieu 
980 |a Trung tâm Học liệu Trường Đại học Cần Thơ